000 00347 a2200157 4500
001 176081
020 _a
040 _cMagnum
100 _aAlmeida, Zelia
240 1 0 _aA conquista da linguagem/v.4
_lpor
245 1 0 _aA conquista da linguagem/v.4
362 0 _a1899
440 1 _aDimensão
697 _aMAGNITO: PARADIDATICO
942 _cBK
999 _c176081
_d176081